Southville International School and Colleges
Your cart is empty.
  • Cart
  • Lists
    Public lists Eva Luna New books Lux_list list_1
    Your lists Log in to create your own lists
  • Log in to your account
  • Your cookies
  • Search history
Southville International School and Colleges
  • Advanced search
  • Recent comments
  • Most popular
  • Libraries

Log in to your account

Log in with GOOGLE


If you do not have an external account, but do have a local account, you can still log in:

  1. Home
  2. MARC view: Building management skills :
Normal view MARC view ISBD view

Building management skills : (Record no. 277367)

[ view plain ]
MARC details
000 -LEADER
fixed length control field 00976cam a22003015a 4500
001 - CONTROL NUMBER
control field 17249049
003 - CONTROL NUMBER IDENTIFIER
control field SISC
005 - DATE AND TIME OF LATEST TRANSACTION
control field 20170125134047.0
008 - FIXED-LENGTH DATA ELEMENTS--GENERAL INFORMATION
fixed length control field 120410s2014 ohua b 001 0 eng
010 ## - LIBRARY OF CONGRESS CONTROL NUMBER
LC control number 2012937324
020 ## - INTERNATIONAL STANDARD BOOK NUMBER
International Standard Book Number 9780324235999 (pbk)
020 ## - INTERNATIONAL STANDARD BOOK NUMBER
International Standard Book Number 0324235992 (pbk)
040 ## - CATALOGING SOURCE
Original cataloging agency DLC
Transcribing agency DLC
042 ## - AUTHENTICATION CODE
Authentication code pcc
050 ## - LIBRARY OF CONGRESS CALL NUMBER
Classification number HD 31
Item number .D131 2014
100 1# - MAIN ENTRY--PERSONAL NAME
Personal name Daft, Richard L.
245 10 - TITLE STATEMENT
Title Building management skills :
Remainder of title an action-first approach /
Statement of responsibility, etc Richard L. Daft, Dorothy Marcic.
260 ## - PUBLICATION, DISTRIBUTION, ETC. (IMPRINT)
Place of publication, distribution, etc Mason, Ohio :
Name of publisher, distributor, etc South-Western ;
Place of publication, distribution, etc Andover :
Name of publisher, distributor, etc Cengage Learning [distributor],
Date of publication, distribution, etc 2014.
300 ## - PHYSICAL DESCRIPTION
Extent xxvii, 638 pages :
Dimensions 25 cm.
Other physical details illustrations ;
500 ## - GENERAL NOTE
General note Includes bibliographic references and index.
521 ## - TARGET AUDIENCE NOTE
Target audience note Business Administration
650 #0 - SUBJECT ADDED ENTRY--TOPICAL TERM
Topical term or geographic name as entry element Management.
700 1# - ADDED ENTRY--PERSONAL NAME
Personal name Marcic, Dorothy.
906 ## - LOCAL DATA ELEMENT F, LDF (RLIN)
a 0
b ibc
c origres
d 3
e ncip
f 20
g y-gencatlg
942 ## - ADDED ENTRY ELEMENTS (KOHA)
Source of classification or shelving scheme Library of Congress Classification
Koha item type Books
Call number prefix Foreign
Holdings
Withdrawn status Lost status Source of classification or shelving scheme Damaged status Home library Current library Shelving location Date acquired Source of acquisition Sub Shelving location Total Checkouts Full call number Barcode Date last seen Price effective from Koha item type
    Library of Congress Classification   College Library College Library Reserve Section 01/22/2015 Library Fund     HD 31 .D131 2014 C19074 05/15/2018 01/22/2015 Books

Building management skills :

APA

Daft R. L., Marcic D., . (2014). Building management skills. Mason, Ohio: South-Western.

Chicago

Daft Richard L, Marcic Dorothy, . 2014. Building management skills. Mason, Ohio: South-Western.

Harvard

Daft R. L., Marcic D., . (2014). Building management skills. Mason, Ohio: South-Western.

MLA

Daft Richard L, Marcic Dorothy, . Building management skills. Mason, Ohio: South-Western. 2014.

  • Place hold
  • Print
  • Cite
  • Add to your cart (remove)
  • Save record
    BIBTEX Dublin Core MARCXML MARC (non-Unicode/MARC-8) MARC (Unicode/UTF-8) MARC (Unicode/UTF-8, Standard) MODS (XML) RIS
  • More searches
    Search for this title in:
    Other Libraries (WorldCat) Other Databases (Google Scholar) Online Stores (Bookfinder.com) Open Library (openlibrary.org)

Exporting to Dublin Core...

SOUTHVILLE LIBRARY

Southville International School and Colleges Library

1281 Tropical Ave. Cor. Luxembourg St., BF Homes International, Las Pinas City

Tel. No. 8256374 / 252358 Loc. 117/146

Powered by Koha